KOHA-Header-6

Practice and law of Banking in paksitan (Record no. 1664)

000 -LEADER
fixed length control field 00339nam a2200133Ia 4500
008 - FIXED-LENGTH DATA ELEMENTS--GENERAL INFORMATION
fixed length control field 190723s9999 xx 000 0 und d
020 ## - INTERNATIONAL STANDARD BOOK NUMBER
International Standard Book Number 978-969-407-425-2
100 ## - MAIN ENTRY--PERSONAL NAME
Personal name Asrar Ahmed Siddiqui
245 #0 - TITLE STATEMENT
Title Practice and law of Banking in paksitan
250 ## - EDITION STATEMENT
Edition statement 9th
260 ## - PUBLICATION, DISTRIBUTION, ETC. (IMPRINT)
Place of publication, distribution, etc Karachi
Name of publisher, distributor, etc Royal Book
Date of publication, distribution, etc 2015
300 ## - PHYSICAL DESCRIPTION
Extent 570.:p
942 ## - ADDED ENTRY ELEMENTS (KOHA)
Koha item type Books
Holdings
Withdrawn status Lost status Source of classification or shelving scheme Damaged status Not for loan Collection code Permanent Location Current Location Shelving location Date acquired Full call number Barcode Date last seen Price effective from Koha item type
          Banking MAJU MAJU Shelf No.A45 2019-07-23 346.549 8287 2019-07-23 2019-07-23 Banking

Powered by Koha